| 000 | 00595nam a22001937a 4500 | ||
|---|---|---|---|
| 003 | NUST - PNEC | ||
| 005 | 20170116180800.0 | ||
| 008 | 150413b xxu||||| |||| 00| 0 eng d | ||
| 020 | _a1857530640 | ||
| 040 | _cLIBRARY | ||
| 082 | _a358.38 DAN | ||
| 100 |
_92455 _aDando, Malcolm |
||
| 245 |
_aBiological warfare in the 21st century : biotechnology and the proliferation of biological weapons _cMalcolm Dando |
||
| 250 | _a- | ||
| 260 |
_aLondon, New York _bBrassey's ( UK ) _cc1994. |
||
| 300 |
_a258 p. : _c21.5 cm |
||
| 650 |
_92457 _aWorld politics, War _xMIS, General |
||
| 942 |
_2ddc _cBK |
||
| 999 |
_c62927 _d62927 |
||